000 00472nam a2200157Ia 4500
008 220216s9999 xx 000 0 und d
100 _aThankamony S
245 0 _aPreliminary observations on reaction of leguminous cover crops to root-knot nematode
260 _bIndian Journal of Natural Rubber Research
_c1989
300 _a68-69
650 _aLeguminous covercrops
650 _aRoot-knot nematode
700 _aJayarathnam K
700 _aNehru C R
942 _cJS
999 _c65493
_d65493